00580nam a2200169Ia 4500952013300000999001700133003000400150005001700154008004100171040000900212082001800221100002200239245004400261260005400305300000900359942004200368 00102ddc40708HISTORYaMESbMEScHISd2019-02-20g450.00l0o954.83 MOH/Pp33459r2019-02-20 00:00:00w2019-02-20yBKzGL34R2 c21302d21302OSt20200626112043.0190216s9999||||xx |||||||||||||| ||und|| coclc a954.83bMOH/P aMohandas, S93257 0aPrabudhathayude Ithihasam /cS Mohandas bMayyanad Litterary Criation Club,c2005.aKollam: a488p cBK2ddch954.83iMOH/Pk954.83mMOH/P